[Event "Helsingborg-B"]
[Site "Helsingborg"]
[Date "1991.??.??"]
[Round "?"]
[White "Hjelm, Niclas"]
[Black "Solin, Niclas"]
[Result "1/2-1/2"]
[WhiteElo "2325"]
[BlackElo "2200"]

1.e4 c5 2.Nf3 Nc6 3.d4 cxd4 4.Nxd4 Nf6 5.Nc3 d6 6.Bg5 e6 7.Qd2 Be7 8.O-O-O Nxd4
9.Qxd4 O-O 10.f4 Qa5 11.Bc4 Bd7 12.e5 dxe5 13.fxe5 Bc6 14.Bd2 Nd7 15.Nd5 Qd8
16.Nxe7+ Qxe7 17.Rhe1 Rfd8 18.Qg4 Nc5 19.Bg5 Rxd1+ 20.Rxd1 Qf8 21.Qh4 Nd7
22.Be7 Qb8 23.Bd3 h6 24.Bd6 Qd8 25.Qxd8+ Rxd8 26.g3 Rc8 27.b3 Bf3 28.Rd2 Nc5
29.Be2 Bd5 30.Bd3 Nxd3+ 31.Rxd3 b5 32.Bb4  1/2-1/2

[Event "CUB-ch"]
[Site "Holguin"]
[Date "1991.??.??"]
[Round "1"]
[White "Perez, Rodney"]
[Black "Armas, Jorge"]
[Result "1/2-1/2"]
[WhiteElo "2265"]
[BlackElo "2400"]

1.e4 c5 2.Nf3 d6 3.d4 cxd4 4.Nxd4 Nf6 5.Nc3 Nc6 6.Bg5 e6 7.Bb5 Bd7 8.Bxc6 bxc6
9.Qf3 Qb6 10.O-O-O Be7 11.e5 dxe5 12.Nb3 a5 13.Bxf6 gxf6 14.Ne4 f5 15.Nd6+ Bxd6
16.Rxd6 a4 17.Na1 Ra5 18.Rhd1 Rd5 19.R1xd5 exd5 20.Rxd7 Kxd7 21.Qxf5+ Kd6
22.Qf6+ Kd7 23.Qxh8 Qxf2 24.Qxe5 Qf1+ 25.Kd2 Qxa1 26.Qf5+ Ke7 27.Qxh7 Qxa2
28.Qh4+ Ke6 29.Qd4 Qa1 30.Qc5 Kd7 31.Qa7+ Kd6 32.Qb8+ Kd7 33.g4 Qf1 34.Qg3 Qf6
35.Kc1 Qf1+ 36.Kd2  1/2-1/2

[Event "HUN-ch (Women)"]
[Site "HUN"]
[Date "1991.??.??"]
[Round "?"]
[White "Medvegy, Nora"]
[Black "Lendvai, Noemi"]
[Result "0-1"]
[WhiteElo "2185"]
[BlackElo "2170"]

1.e4 c5 2.Nf3 Nc6 3.d4 cxd4 4.Nxd4 Nf6 5.Nc3 d6 6.Bg5 e6 7.Qd2 a6 8.O-O-O Bd7
9.f4 b5 10.Bxf6 gxf6 11.g4 Rg8 12.Rg1 Qb6 13.Nce2 Rc8 14.g5 fxg5 15.fxg5 Qc5
16.h4 Nb4 17.a3 Nc6 18.Nb3 Qb6 19.Rg3 b4 20.a4 a5 21.Nf4 Ne5 22.Nh5 Be7 23.Bh3 Bxa4
24.Nd4 Qc5 25.b3 Bd7 26.Rdg1 Kd8 27.Rf1 Kc7 28.Nf4 Kb8 29.Kb1 a4 30.bxa4 Nc4
31.Qd1 Na3+ 32.Rxa3 bxa3 33.Rf3 Bxa4 34.Nb3 Qb6 35.Bf1 Rc7 36.Ka2 Rgc8 37.Bd3 Bxb3+
38.cxb3 Rc1 39.Qd2 Qd4  0-1

[Event "HUN-chT"]
[Site "HUN"]
[Date "1991.??.??"]
[Round "?"]
[White "Gazik, Igor"]
[Black "Liptay, Laszlo"]
[Result "1-0"]
[WhiteElo "2395"]
[BlackElo "2405"]

1.e4 c5 2.Nf3 Nc6 3.d4 cxd4 4.Nxd4 Nf6 5.Nc3 d6 6.Bg5 e6 7.Qd2 a6 8.O-O-O Bd7
9.f4 h6 10.Bh4 g5 11.fxg5 Ng4 12.Bc4 Nge5 13.Bb3 Nxd4 14.Qxd4 hxg5 15.Bg3 Qc7
16.Rhf1 Be7 17.Na4 Bb5 18.Rf3 O-O 19.Rc3 Bc6 20.Nb6 Rad8 21.Nd5 exd5 22.exd5 Bf6
23.dxc6 bxc6 24.Qe4 Qe7 25.Bxe5 Qxe5 26.Qxe5 Bxe5 27.Rxc6 Bxh2 28.Rxa6 Bf4+
29.Kb1 Kg7 30.Ra7 Kg6 31.Bd5 f5 32.a4 Be3 33.Re7 f4 34.a5 Kf6 35.Rh7 g4 36.a6 f3
37.gxf3 g3 38.f4 Bxf4 39.a7 Be3 40.a8=Q Rxa8 41.Bxa8 Rxa8 42.Rxd6+ Ke5 43.Rg6 Bf2
44.Rg4 Rf8 45.Rhg7 Rf3 46.R7g5+ Kf6 47.c3 Re3 48.Kc2 Re2+ 49.Kb3 Re3 50.Ka2 Rd3
51.Kb3 Re3 52.Kc4 Re4+ 53.Kd5 Re3 54.Kc4 Re4+ 55.Kd3 Re3+ 56.Kd2 Rf3 57.Rg8 Ke6
58.Ke2 Re3+ 59.Kf1 Re1+ 60.Kg2  1-0

[Event "Jyvaskyla op"]
[Site "Jyvaskyla"]
[Date "1991.??.??"]
[Round "5"]
[White "Ebeling, Mika"]
[Black "Krogius, Nikolai V"]
[Result "1/2-1/2"]
[WhiteElo "2275"]
[BlackElo "2535"]

1.e4 c5 2.Nf3 Nc6 3.d4 cxd4 4.Nxd4 Nf6 5.Nc3 d6 6.Bg5 Bd7 7.Be2 Qa5 8.Bxf6 gxf6
9.O-O Rg8 10.Nd5 Bh3 11.Bf3 Ne5 12.Ne3 Bh6 13.Ndf5 Bxe3 14.Nxe3 Qd2 15.Kh1 Qxd1
16.Bxd1 Bd7 17.f4 Nc6 18.Nd5 Rc8 19.c3  1/2-1/2

[Event "Katowice op"]
[Site "Katowice"]
[Date "1991.??.??"]
[Round "4"]
[White "Kostyra, Stanislaw"]
[Black "Mukhametov, Eldar"]
[Result "1-0"]
[WhiteElo "2315"]
[BlackElo "2390"]

1.e4 c5 2.Nf3 d6 3.d4 cxd4 4.Nxd4 Nf6 5.Nc3 Nc6 6.Bg5 e6 7.Qd3 a6 8.O-O-O h6
9.Nxc6 bxc6 10.Bf4 d5 11.Be2 Bb4 12.a3 Be7 13.Qg3 Kf8 14.Be5 Rg8 15.Rhe1 Bb7
16.exd5 cxd5 17.Rd4 Rc8 18.Bd3 Nd7 19.Bd6 Nc5 20.Bxe7+ Qxe7 21.f4 Qf6 22.Rb4 g6
23.Na4 Nxa4 24.Rxa4 Kg7 25.Re5 Rgd8 26.Rd4 Rc7 27.f5 exf5 28.Rxf5 Qd6 29.Rdf4 Re7
30.Rf6 Qxf6 31.Rxf6 Kxf6 32.Qh4+ Ke6 33.Qxh6 Rd6 34.Qh3+ Kf6 35.Qh4+ Ke6
36.Qg4+ Kf6 37.Qf4+ Ke6 38.Qg4+ Kf6 39.Qd4+ Ke6 40.g4 Kd7 41.b4 Re1+ 42.Kb2 Rh1
43.Qa7 Kc7 44.Qc5+ Rc6 45.Qe7+ Kb6 46.Qe3+ Kc7 47.h4 Rd6 48.Qe7+ Rd7 49.Qe5+ Rd6
50.h5 gxh5 51.gxh5 Kc6 52.Qe8+ Kb6 53.Qxf7 Ka7 54.Qe7 Rc6 55.Qe3+ Ka8 56.Bg6 Rc4
57.b5 axb5 58.Qe8+ Ka7 59.Qxb5 Bc6 60.Qa5+ Kb7 61.Qd8 Rch4 62.Bf5 Ka6  1-0

[Event "Katowice op"]
[Site "Katowice"]
[Date "1991.??.??"]
[Round "11"]
[White "Zezulkin, Jurij"]
[Black "Panchenko, Alexander N"]
[Result "0-1"]
[WhiteElo "2385"]
[BlackElo "2445"]

1.e4 c5 2.Nf3 d6 3.d4 cxd4 4.Nxd4 Nf6 5.Nc3 Nc6 6.Bg5 e6 7.Qd2 a6 8.O-O-O Bd7
9.f3 Be7 10.h4 Qc7 11.h5 h6 12.Bh4 Rc8 13.Kb1 b5 14.Bxb5 axb5 15.Ndxb5 Qb8
16.Nxd6+ Bxd6 17.Qxd6 Qxd6 18.Rxd6 Nxh5 19.Nb5 Ne5 20.a4 Bxb5 21.axb5 Nc4
22.Rc6 Rxc6 23.bxc6 Ne5 24.b4 Nxc6 25.b5 Na5 26.Be1 Nc4 27.Rxh5 e5 28.Ka2 Kd7
29.Kb3 Rc8 30.Bb4 Ke6 31.Rh1 Ne3 32.c3 Nxg2 33.Rd1 Kf6 34.Bd6 Ne3 35.b6 Nxd1
36.b7 Re8 37.c4 h5 38.c5 Ke6 39.Bc7 Kd7 40.Bxe5 Kc6 41.b8=Q Rxb8+ 42.Bxb8 Nf2
43.Kc4 Nh3 44.f4 Nf2 45.Kd4 Ng4 46.f5 h4 47.e5 h3 48.e6 f6 49.Bd6 Ne5 50.Kc3 h2
51.e7 Kd7 52.c6+ Ke8 53.Bxe5 h1=Q 54.c7 Qc1+  0-1

[Event "Kecskemet"]
[Site "Kecskemet"]
[Date "1991.??.??"]
[Round "2"]
[White "Moiseev, Viktor"]
[Black "Sjoberg, Mats"]
[Result "1-0"]
[WhiteElo "2460"]
[BlackElo "2360"]

1.e4 c5 2.Nf3 Nc6 3.d4 cxd4 4.Nxd4 Nf6 5.Nc3 d6 6.Bg5 e6 7.Qd2 a6 8.O-O-O h6
9.Be3 Nxd4 10.Bxd4 Be7 11.f3 e5 12.Be3 Be6 13.g4 Rc8 14.Nd5 Bxd5 15.exd5 Nd7
16.f4 exf4 17.Bxf4 Bg5 18.h4 Bxf4 19.Qxf4 Qf6 20.Qa4 Kd8 21.Kb1 Re8 22.g5 hxg5
23.Bh3 Rc7 24.Rhf1 Qg6 25.hxg5 Re4 26.Qa5 Re5 27.Bxd7 Qxc2+ 28.Ka1 Kxd7 29.Rxf7+ Ke8
30.Rff1 Rc5 31.Qa3 Re2 32.Rb1 Kd8 33.Qb4 Rxd5 34.Qxb7 Rf5 35.Rfc1  1-0

[Event "Kecskemet GM"]
[Site "Kecskemet"]
[Date "1991.??.??"]
[Round "9"]
[White "Palac, Mladen"]
[Black "Stajcic, Nikola"]
[Result "1-0"]
[WhiteElo "2475"]
[BlackElo "2345"]

1.e4 c5 2.Nf3 d6 3.d4 cxd4 4.Nxd4 Nf6 5.Nc3 Nc6 6.Bg5 e6 7.Qd2 a6 8.O-O-O h6
9.Be3 Be7 10.f4 Nxd4 11.Bxd4 b5 12.Bd3 Bb7 13.g4 e5 14.fxe5 Nxg4 15.Qg2 dxe5
16.Bg1 Qc8 17.Nd5 Bxd5 18.exd5 O-O 19.h3 Bg5+ 20.Kb1 Nf6 21.Bh2 Re8 22.Rhg1 e4
23.Be2 g6 24.h4 Bxh4 25.Bf4 Bg5 26.Bxg5 hxg5 27.Qxg5 Kg7 28.Rdf1 Qd8 29.Bh5 Qd6
30.Bxg6 Qe5 31.Bf5+ Kf8 32.Qg7+ Ke7 33.Be6 Rf8 34.Rg5 Qd4 35.Rgf5 e3 36.Rxf6 e2
37.Rxf7+ Rxf7 38.Rxf7+ Kd6 39.Rd7+ Kc5 40.Rc7+ Kd6  1-0

[Event "Kecskemet GM"]
[Site "Kecskemet"]
[Date "1991.??.??"]
[Round "11"]
[White "Gurevich, Ilya"]
[Black "Weindl, Alfred"]
[Result "1/2-1/2"]
[WhiteElo "2455"]
[BlackElo "2360"]

1.e4 c5 2.Nf3 Nc6 3.d4 cxd4 4.Nxd4 Nf6 5.Nc3 d6 6.Bg5 Bd7 7.Qd2 Rc8 8.O-O-O Nxd4
9.Qxd4 Qa5 10.Bd2 a6 11.Kb1 Qc5 12.Qxc5 Rxc5 13.f3 e6 14.g4 Be7 15.Be3 Rc8
16.g5 Nh5 17.f4 h6 18.gxh6 Rxh6 19.Rg1 Rh8 20.Be2 g6 21.f5 exf5 22.Rge1 Rxc3
23.bxc3 fxe4 24.Bd4  1/2-1/2

[Event "Kecskemet GM"]
[Site "Kecskemet"]
[Date "1991.??.??"]
[Round "13"]
[White "Borriss, Martin"]
[Black "Leko, Peter"]
[Result "1-0"]
[WhiteElo "2340"]
[BlackElo "2255"]

1.e4 c5 2.Nf3 d6 3.d4 cxd4 4.Nxd4 Nf6 5.Nc3 Nc6 6.Bg5 e6 7.Qd2 Be7 8.O-O-O O-O
9.Nb3 a6 10.Bxf6 gxf6 11.Qh6 Kh8 12.Qh5 Qe8 13.f4 Rg8 14.Bd3 Rg7 15.g4 b5
16.h4 b4 17.Ne2 e5 18.f5 a5 19.Kb1 a4 20.Nd2 Bb7 21.Rhf1 Nb8 22.g5 Nd7 23.Nf3 Nc5
24.Qh6 Qd8 25.Ng3 Bf8 26.Rg1 b3 27.Qxf6 Qxf6 28.gxf6 Rxg3 29.Rxg3 Nxe4 30.Rgg1 h6
31.Ng5 hxg5 32.hxg5 bxa2+ 33.Ka1 Kg8 34.Rde1 Nc5 35.Re2 Rc8 36.Rh2 a3 37.bxa3 Nxd3
38.cxd3 Bd5 39.g6 fxg6 40.fxg6 Rc7 41.g7 Bxg7 42.Rxg7+ Rxg7 43.fxg7 Kxg7
44.a4 Kf7 45.a5 Ke7 46.a6 Kd7 47.a7  1-0

[Event "JUG-ch"]
[Site "Kladovo"]
[Date "1991.??.??"]
[Round "4"]
[White "Popovic, Petar"]
[Black "Vukovic, Zdravko"]
[Result "1/2-1/2"]
[WhiteElo "2510"]
[BlackElo "2395"]

1.e4 c5 2.Nf3 Nc6 3.d4 cxd4 4.Nxd4 Nf6 5.Nc3 d6 6.Bg5 e6 7.Qd2 Be7 8.O-O-O O-O
9.f4 h6 10.Bh4 Bd7 11.Nb3 Nxe4 12.Nxe4 Bxh4 13.Nxd6 Bc8  1/2-1/2

[Event "Kobanya op"]
[Site "Kobanya"]
[Date "1991.??.??"]
[Round "7"]
[White "Feher, Gyula"]
[Black "Horvath, Csaba"]
[Result "1-0"]
[WhiteElo "2375"]
[BlackElo "2460"]

1.e4 c5 2.Nf3 Nc6 3.d4 cxd4 4.Nxd4 Nf6 5.Nc3 d6 6.Bg5 Bd7 7.Be2 Qa5 8.Bxf6 gxf6
9.O-O Nxd4 10.Qxd4 Rg8 11.Nd5 Bg7 12.b4 Qd8 13.Rad1 f5 14.Qe3 Kf8 15.c4 e6
16.Nf4 Ba4 17.Rc1 Qh4 18.g3 Bh6 19.Kh1 Bxf4 20.gxf4 Bc6 21.Bd3 fxe4 22.Bxe4 Rg6
23.Rg1 Rf6 24.Bxc6 bxc6 25.Qg3 Rh6 26.Rg2 Ke7 27.Qf3 Rc8 28.Rd1 Rg6 29.Rg3 Rc7
30.a4 Rf6 31.c5 d5 32.Rd4 Rf5 33.Qe3 Qh6 34.b5 cxb5 35.axb5 Rxc5 36.Qa3  1-0

[Event "Kobanya op"]
[Site "Kobanya"]
[Date "1991.??.??"]
[Round "9"]
[White "Lengyel, Bela"]
[Black "Madl, Ildiko"]
[Result "1-0"]
[WhiteElo "2365"]
[BlackElo "2380"]

1.e4 c5 2.Nf3 d6 3.d4 cxd4 4.Nxd4 Nf6 5.Nc3 Nc6 6.Bg5 e6 7.Bb5 Bd7 8.O-O Be7
9.Nb3 Qc7 10.a4 a6 11.Be2 Na5 12.Nxa5 Qxa5 13.Qd2 Rc8 14.Rfd1 Bc6 15.Bf3 h6
16.Bf4 Rd8 17.Be3 Rd7 18.Qd4 d5 19.exd5 O-O 20.Qb6 Qxb6 21.Bxb6 exd5 22.Ne2 Bd8
23.Bxd8 Rfxd8 24.Nd4 Rc7 25.a5 Be8 26.c3 Kf8 27.Be2 Bd7 28.f3 Ne8 29.Kf2 Nd6
30.Nc2 Be6 31.Ne3 Nc8 32.f4 Ne7 33.Bf3 Rc5 34.Ra3 Ke8 35.Rd2 g6 36.g3 Rc7
37.Ke2 Rcd7 38.Ra4 Nc6 39.Nc2 Re7 40.Kf2 Rc7 41.Nd4 Ne7 42.Rb4 Nc8 43.Re2 Kd7
44.Ra4 Kd6 45.Ra1 Re7 46.Nc2 Kc7 47.Rae1 Rd6 48.g4 Kd8 49.Rd2 Rc7 50.Ne3 Ne7
51.Red1 Rc5 52.Rd3 Ke8 53.b4 Rc7 54.c4 d4 55.Rxd4 Rxd4 56.Rxd4 Nc6 57.Bxc6+ bxc6
58.f5 gxf5 59.gxf5 Bd7 60.c5 Ke7 61.Kf3 h5 62.Kf4 f6 63.Nc4 Rb7 64.Nb6 Be8
65.Rd6 Rb8 66.b5 cxb5 67.Nd5+ Kf8 68.c6  1-0

[Event "Krumbach op"]
[Site "Krumbach"]
[Date "1991.??.??"]
[Round "3"]
[White "Gallagher, Joseph G"]
[Black "Kovalev, Andrei"]
[Result "1/2-1/2"]
[WhiteElo "2520"]
[BlackElo "2520"]

1.e4 c5 2.Nf3 d6 3.d4 cxd4 4.Nxd4 Nf6 5.Nc3 Nc6 6.Bg5 e6 7.Qd2 a6 8.O-O-O h6
9.Be3 Nxd4 10.Bxd4 b5 11.f3 Be7 12.Kb1  1/2-1/2

[Event "Krumbach op"]
[Site "Krumbach"]
[Date "1991.??.??"]
[Round "5"]
[White "Hertel, Peter"]
[Black "Schlichtmann, Gisbert"]
[Result "0-1"]
[WhiteElo "2230"]
[BlackElo "2250"]

1.e4 c5 2.Nf3 d6 3.d4 cxd4 4.Nxd4 Nf6 5.Nc3 Nc6 6.Bg5 Bd7 7.Be2 Qa5 8.Bxf6 gxf6
9.O-O Nxd4 10.Qxd4 Qe5 11.Qb4 O-O-O 12.Nd5 Kb8 13.f4 Qe6 14.Bf3 Bc6 15.Rfe1 Bg7
16.Rad1 Qd7 17.c4 e6 18.Nc3 Qc7 19.Qb3 Bh6 20.Ne2 f5 21.exf5 Bxf3 22.Qxf3 Qc5+
23.Kh1 Qxf5 24.Rd3 Rhg8 25.Red1 Qg4 26.Qxg4 Rxg4 27.h3 Rh4 28.Rxd6 Rxd6 29.Rxd6 Bxf4
30.Rd7 Be5 31.Rxf7 Re4 32.Rf2 Bxb2 33.Nf4 Be5 34.Nd3 Bd4 35.Rf8+ Kc7 36.Rf7+ Kb6
37.Rxh7 Re3 38.Nf4 Re1+ 39.Kh2 Be5 40.g3 Ra1 41.Kg2 Bxf4 42.gxf4 Rxa2+ 43.Kf3 Rc2
44.Rh6 Rxc4 45.Rxe6+ Kb5 46.f5 a5 47.f6 Rc8 48.Kf4 a4 49.Re7 Ka6 50.f7 Rf8
51.Ke5 a3 52.Kd4 a2 53.Re1 Rxf7 54.Ra1 Rf2 55.Kc3 Rh2 56.Kb3 Kb5 57.h4 Rxh4
58.Kxa2 Ra4+  0-1

[Event "Krumbach op"]
[Site "Krumbach"]
[Date "1991.??.??"]
[Round "8"]
[White "Moehrmann, Marcus"]
[Black "Steinbacher, Matthias"]
[Result "0-1"]
[WhiteElo "2290"]
[BlackElo "2370"]

1.e4 c5 2.Nf3 d6 3.d4 cxd4 4.Nxd4 Nf6 5.Nc3 Nc6 6.Bg5 e6 7.Qd2 a6 8.O-O-O Bd7
9.f4 b5 10.Kb1 b4 11.Bxf6 bxc3 12.Bxd8 cxd2 13.Nxc6 Bxc6 14.Ba5 Bxe4 15.Rxd2 d5
16.Bc3 Bd6 17.Bxg7 Rg8 18.Be5 Bxe5 19.fxe5 Rg5 20.b3 Rxe5 21.Kb2 Rg5 22.Bd3 Bxd3
23.Rxd3 Rxg2 24.Rg3 Rxg3 25.hxg3 Ke7 26.a4 Rg8 27.Rh3 a5 28.c3 Rg4 29.Rxh7 Rxg3
30.b4 d4 31.bxa5 Rxc3 32.Rh5 Rc6 33.Kb3 d3 34.Kb4 d2  0-1

[Event "Leningrad op"]
[Site "Leningrad"]
[Date "1991.??.??"]
[Round "?"]
[White "Kruppa, Yuri"]
[Black "Zakharov, Alexander V"]
[Result "0-1"]
[WhiteElo "2480"]
[BlackElo "2380"]

1.e4 c5 2.Nf3 Nc6 3.d4 cxd4 4.Nxd4 Nf6 5.Nc3 d6 6.Bg5 a6 7.Qd2 Nxd4 8.Qxd4 Qa5
9.f4 e5 10.Qd2 Be7 11.f5 b5 12.Bxf6 Bxf6 13.Nd5 Qxd2+ 14.Kxd2 Bg5+ 15.Kc3 Rb8
16.a4 Bb7 17.axb5 Bxd5 18.exd5 axb5 19.Kb4 Bd2+ 20.c3 e4 21.f6 gxf6 22.Ra6 f5
23.Rxd6 Ke7 24.Rc6 Rhd8 25.Rc5 Bf4 26.Kb3 Kf6 27.g3 Be3 28.Rc6+ Ke5 29.Bh3 Bf2
30.Rc7 Rxd5 31.Bxf5 Kxf5 32.Rxf7+ Ke5 33.Rxf2 b4 34.cxb4 Rd4 35.Rc1 Rdxb4+
36.Ka2 e3  0-1

[Event "Lippstadt"]
[Site "Lippstadt"]
[Date "1991.??.??"]
[Round "2"]
[White "Hoffmann, Michael"]
[Black "Dautov, Rustem"]
[Result "1-0"]
[WhiteElo "2370"]
[BlackElo "2570"]

1.e4 c5 2.Nf3 Nc6 3.d4 cxd4 4.Nxd4 Nf6 5.Nc3 d6 6.Bg5 e6 7.Qd2 Be7 8.O-O-O O-O
9.f4 h6 10.Bh4 Nxd4 11.Qxd4 a6 12.Be2 Nxe4 13.Bxe7 Nxc3 14.bxc3 Qxe7 15.Qxd6 Qf6
16.Rd4 e5 17.Qxe5 Qc6 18.Bc4 Qxg2 19.Rdd1 Bg4 20.Rhg1 Qh3 21.Rd3 Qh5 22.Rxg4 Qxg4
23.Rg3 Qxg3 24.hxg3 Rae8 25.Qf5 Re3 26.g4 Rxc3 27.Bd3 g6 28.Qd7  1-0

[Event "POR-ch"]
[Site "Lisboa"]
[Date "1991.??.??"]
[Round "2"]
[White "Rocha, Sergio"]
[Black "Leonardo, Joao"]
[Result "1/2-1/2"]
[WhiteElo "2285"]
[BlackElo "2240"]

1.e4 c5 2.Nf3 Nc6 3.d4 cxd4 4.Nxd4 Nf6 5.Nc3 d6 6.Bg5 Bd7 7.Bxf6 gxf6 8.Bc4 e6
9.Bb3 Na5 10.Qe2 Nxb3 11.axb3 a6 12.O-O Bg7  1/2-1/2

[Event "ESP-ch"]
[Site "Lleida"]
[Date "1991.??.??"]
[Round "7"]
[White "Bejar, J."]
[Black "Guerra, D."]
[Result "0-1"]
[WhiteElo "2200"]
[BlackElo "2305"]

1.e4 c5 2.Nf3 d6 3.d4 cxd4 4.Nxd4 Nf6 5.Nc3 Nc6 6.Bg5 Qa5 7.Be3 Nxe4 8.Nxc6 bxc6
9.Bd2 Nxd2 10.Qxd2 e6 11.Be2 Be7 12.O-O O-O 13.Bf3 d5 14.a3 Qc7 15.Rad1 e5
16.Bxd5 cxd5 17.Nxd5 Qb7 18.b4 Be6 19.c4 Rfd8 20.Nxe7+ Qxe7 21.Qc3 Qh4 22.c5 Rd4
23.g3 Qe4 24.f3 Qd5 25.Rxd4 exd4 26.Qd2 h6 27.Kf2 Rd8 28.Rc1 d3 29.c6 Rc8  0-1

[Event "London WFW"]
[Site "London"]
[Date "1991.??.??"]
[Round "?"]
[White "Byrne, Robert E"]
[Black "Larsen, Bent"]
[Result "1/2-1/2"]
[WhiteElo "2465"]
[BlackElo "2560"]

1.e4 c5 2.Nf3 Nc6 3.d4 cxd4 4.Nxd4 Nf6 5.Nc3 d6 6.Bg5 Bd7 7.Bxf6 gxf6 8.Nf5 Rc8
9.Bc4 h5 10.O-O Na5 11.Bb3 Bc6 12.Qd4 e6 13.Ne3 a6 14.Rfe1 Be7 15.Re2 Bd7
16.Rae1 Nc6 17.Qd1 b5 18.f4 Qb6 19.Kh1 Kf8 20.Rd2 Qa7 21.Rd3 Rd8 22.Ne2 Bc8
23.a3 h4 24.h3 Rg8 25.f5 Ne5 26.Rd4 Nc6 27.Rd3 Ne5 28.Rc3 d5 29.fxe6 Bxe6
30.Bxd5 b4 31.Rb3 f5 32.Nf4 Bg5 33.Rf1 Bxf4 34.Rxf4 Ng6 35.Rf1 fxe4 36.Qh5 Bxd5
37.Nxd5 Qc5 38.Qh6+ Rg7 39.Nf6 Qxc2 40.Nh5 Qxb3 41.Qxg7+ Ke8 42.Nf6+ Ke7
43.Nxe4 Rd1 44.Qf6+ Kf8  1/2-1/2

[Event "USA-op Los Angeles"]
[Site "Los Angeles"]
[Date "1991.??.??"]
[Round "?"]
[White "Rachels, Stuart"]
[Black "Burnett, Ronald"]
[Result "1/2-1/2"]
[WhiteElo "2485"]
[BlackElo "2325"]

1.e4 c5 2.Nf3 Nc6 3.d4 cxd4 4.Nxd4 Nf6 5.Nc3 d6 6.Bg5 e6 7.Qd2 Be7 8.O-O-O O-O
9.f4 h6 10.Bh4 e5 11.Nf5 Bxf5 12.exf5 exf4 13.Kb1 d5 14.Bxf6 Bxf6 15.Nxd5 Be5
16.Bc4 b5 17.Bb3 a5 18.a3 Nd4 19.Rhe1 Nxb3 20.cxb3 Re8 21.f6 gxf6 22.Qd3 Rb8
23.Qf5 Kg7 24.Qg4+ Kh7 25.Qh5 Kg7 26.Ne3 fxe3 27.Rxd8 Rbxd8 28.Rxe3 Rd2 29.Re2 Rd1+
30.Kc2 Red8 31.Qg4+ Kf8 32.Qe4 R1d4 33.Qc6 b4 34.g3 R8d5 35.a4 Kg7 36.Kb1  1/2-1/2

[Event "USA-op Los Angeles"]
[Site "Los Angeles"]
[Date "1991.??.??"]
[Round "?"]
[White "Polovodin, Igor A"]
[Black "Burnett, Ronald"]
[Result "1-0"]
[WhiteElo "2455"]
[BlackElo "2325"]

1.e4 c5 2.Nf3 d6 3.d4 cxd4 4.Nxd4 Nf6 5.Nc3 Nc6 6.Bg5 e6 7.Qd2 Be7 8.O-O-O O-O
9.Nb3 a5 10.a4 d5 11.Bb5 Nb4 12.Bxf6 Bxf6 13.exd5 e5 14.Ne4 Bf5 15.Qe2 Rc8
16.c3 Bg5+ 17.Kb1 Nxd5 18.Qf3 Bf4 19.Ka1 Qe7 20.Rxd5 Be6 21.Nec5 Bxd5 22.Qxd5 b6
23.Nd7 Rfd8 24.g3 Bg5 25.Re1 Bf6 26.Nd4 Rc5 27.Qb7 Rxb5 28.Nxf6+ Qxf6 29.Nxb5 Qxf2
30.Rxe5 f6 31.Re7 Qf1+ 32.Ka2 Qc4+ 33.Ka3 Qc5+ 34.Kb3  1-0

[Event "URS-ch (Women)"]
[Site "Lvov"]
[Date "1991.??.??"]
[Round "?"]
[White "Erneste, Inguna"]
[Black "Galliamova, Alisa"]
[Result "1-0"]
[WhiteElo "2285"]
[BlackElo "2435"]

1.e4 c5 2.Nf3 Nc6 3.d4 cxd4 4.Nxd4 Nf6 5.Nc3 d6 6.Bg5 e6 7.Qd2 a6 8.O-O-O h6
9.Bf4 Bd7 10.Nxc6 Bxc6 11.f3 d5 12.exd5 Nxd5 13.Nxd5 Qxd5 14.Qxd5 Bxd5 15.Kb1 b5
16.Bd3 Bc5 17.Rhe1 O-O 18.Be4 Bxe4 19.Rxe4 Rfd8 20.Rxd8+ Rxd8 21.Kc1 Re8
22.c3 g5 23.Be5 f5 24.Re1 Kf7 25.Kc2 Rd8 26.Re2 f4 27.Rd2 Re8 28.Rd7+ Kg6
29.Kd3 Kh5 30.Ke4 Bg1 31.h3 Kh4 32.Rd6 Rg8 33.Rxa6 Kg3 34.a4 bxa4 35.Rxa4 Kxg2
36.b4 h5 37.c4 g4 38.hxg4 hxg4 39.Ra2+ Bf2 40.fxg4 f3 41.Kf4 Re8 42.g5 Rf8+
43.Ke4 Kf1 44.g6  1-0

[Event "Lyngby op"]
[Site "Lyngby"]
[Date "1991.??.??"]
[Round "4"]
[White "Kristiansen, Jens"]
[Black "Bjerring, Kai"]
[Result "1/2-1/2"]
[WhiteElo "2415"]
[BlackElo "2285"]

1.e4 c5 2.Nf3 Nc6 3.d4 cxd4 4.Nxd4 Nf6 5.Nc3 d6 6.Bg5 e6 7.Qd2 a6 8.O-O-O h6
9.Be3 Bd7 10.f4 Be7 11.Bd3 b5 12.Rhf1 O-O 13.h3 Nxd4 14.Bxd4 b4 15.Ne2 e5
16.Bg1 Qa5 17.Kb1 Be6 18.b3 d5 19.fxe5 Nxe4 20.Bxe4 dxe4 21.Bd4 Bg5 22.Nf4 Qb5
23.Qe3 Qc6 24.g4 Rfc8 25.Rf2 a5 26.Re2 a4 27.Qxe4 Qa6 28.Nxe6 fxe6 29.Qd3 Qa5
30.Qe4 Ra6 31.Be3 Bxe3 32.Qxe3 Rac6 33.Red2 Rc3 34.Qe4 axb3 35.cxb3 Qc7 36.Kb2 Qa5
37.Kb1 Qc7 38.Kb2 Qa5  1/2-1/2

[Event "Wch U20"]
[Site "Mamaia"]
[Date "1991.??.??"]
[Round "?"]
[White "Moldovan, Daniel"]
[Black "Garcia Ilundain, David"]
[Result "1-0"]
[WhiteElo "2425"]
[BlackElo "2370"]

1.e4 c5 2.Nf3 d6 3.d4 cxd4 4.Nxd4 Nf6 5.Nc3 Nc6 6.Bg5 e6 7.Qd2 a6 8.O-O-O h6
9.Bf4 Bd7 10.Nxc6 Bxc6 11.f3 d5 12.Qe1 Bb4 13.a3 Ba5 14.Bd2 Qe7 15.e5 Nd7
16.Kb1 Bc7 17.f4 O-O 18.Ne2 Bb5 19.Bb4 Nc5 20.Nd4 Bxf1 21.Rxf1 b6 22.f5 exf5
23.Nxf5 Qxe5 24.Qh4 Qe6 25.Bc3 Be5 26.Bxe5 Qxe5 27.Rxd5 Qe2 28.Rf3 Rfe8 29.Qg4 Ne6
30.Nxh6+ Kh7 31.Nxf7  1-0

[Event "Mar del Plata op"]
[Site "Mar del Plata"]
[Date "1991.??.??"]
[Round "?"]
[White "Kanefsck, Gustavo"]
[Black "Piscicelli, Daniel"]
[Result "0-1"]
[WhiteElo "2380"]
[BlackElo "2275"]

1.e4 c5 2.Nf3 d6 3.d4 cxd4 4.Nxd4 Nf6 5.Nc3 Nc6 6.Bg5 e6 7.Qd2 a6 8.f3 Be7
9.O-O-O Qc7 10.Kb1 Bd7 11.g4 Rc8 12.Be3 Nxd4 13.Bxd4 O-O 14.g5 Ne8 15.h4 b5
16.Bd3 b4 17.Ne2 e5 18.Be3 Be6 19.h5 d5 20.exd5 Bxd5 21.g6 Bxf3 22.h6 fxg6
23.hxg7 Nxg7 24.b3 Qb7 25.Rhf1 Nf5 26.Bxa6 Qxa6 27.Rxf3 Rfd8 28.Qc1  0-1

[Event "Mar del Plata op"]
[Site "Mar del Plata"]
[Date "1991.??.??"]
[Round "?"]
[White "Giaccio, Alfredo"]
[Black "Fiorito, Fabian"]
[Result "1/2-1/2"]
[WhiteElo "2325"]
[BlackElo "2435"]

1.e4 c5 2.Nf3 d6 3.d4 cxd4 4.Nxd4 Nf6 5.Nc3 Nc6 6.Bg5 a6 7.Qd2 e6 8.O-O-O h6
9.Be3 Bd7 10.f4 Be7 11.Kb1 b5 12.Bd3 Nxd4 13.Bxd4 b4 14.Ne2 O-O 15.Rhg1 Bc6
16.Bxf6 Bxf6 17.g4 g6 18.Qe3 Bg7 19.g5 h5 20.e5 Qa5 21.exd6 Bd5 22.Nc1 Rfd8
23.Nb3 Bxb3 24.axb3 Rxd6 25.Bxg6 Rxd1+ 26.Rxd1 fxg6 27.Qxe6+ Kh7 28.Rd5 Re8
29.Qxg6+ Kxg6 30.Rxa5 Re1+ 31.Ka2 Rf1 32.Rxa6+ Kh7 33.Rc6 Rxf4 34.Rc4 Rxc4
35.bxc4 h4 36.h3 Kg6 37.Kb3 Kxg5 38.c5 Kf5 39.Kxb4 Bxb2 40.c3 Ke5 41.Kc4 Ke6
42.c6 Kd6 43.Kd3 Kxc6 44.Ke4 Bxc3 45.Kf3 Kd5 46.Kg4 Be1 47.Kf3  1/2-1/2

[Event "Melbourne Masters"]
[Site "Melbourne"]
[Date "1991.??.??"]
[Round "6"]
[White "Solomon, Stephen J"]
[Black "Canfell, Gregory"]
[Result "1-0"]
[WhiteElo "2420"]
[BlackElo "2280"]

1.e4 c5 2.Nf3 d6 3.d4 cxd4 4.Nxd4 Nf6 5.Nc3 Nc6 6.Bg5 e6 7.Qd2 Be7 8.O-O-O O-O
9.f4 Nxd4 10.Qxd4 Qa5 11.Kb1 a6 12.Be2 b5 13.e5 dxe5 14.fxe5 Nd5 15.Bxe7 Nxe7
16.Qc5 Ng6 17.b4 Qa3 18.Rd3 Nf4 19.Rf3 Bb7 20.Nd5 Qxa2+ 21.Kxa2 Bxd5+ 22.Kb2 Nxe2
23.Qe3 Bxf3 24.gxf3  1-0

[Event "Mexico City"]
[Site "Mexico"]
[Date "1991.??.??"]
[Round "6"]
[White "Diaz, Joaquin C"]
[Black "Almeida Saenz, Alfonso"]
[Result "1-0"]
[WhiteElo "2430"]
[BlackElo "2280"]

1.e4 c5 2.Nf3 Nc6 3.d4 cxd4 4.Nxd4 Nf6 5.Nc3 d6 6.Bg5 Bd7 7.Be2 a6 8.O-O e6
9.Kh1 Be7 10.f4 O-O 11.Nf3 b5 12.e5 dxe5 13.Nxe5 Nxe5 14.fxe5 Nd5 15.Bxe7 Nxe7
16.Bd3 Bc6 17.Qh5 Ng6 18.Rae1 f5 19.exf6 Rxf6 20.Rxf6 Qxf6 21.Rf1 Qe7 22.Bxg6 hxg6
23.Qxg6 Rf8 24.Rxf8+ Kxf8 25.h3 Qd6 26.Qd3 Qf4 27.Kg1 Kg8 28.Nd1 Qg5 29.Ne3 Qg3
30.c3 a5 31.b3 a4 32.bxa4 bxa4 33.a3 Qe1+ 34.Kh2 Qc1 35.c4 Qe1 36.Ng4 Bb7
37.Qd8+ Kh7 38.Qd7 Ba8 39.Qf7 Qe2 40.Qh5+  1-0

[Event "Miedzybrodzie op"]
[Site "Miedzybrodzie"]
[Date "1991.??.??"]
[Round "2"]
[White "Kveinys, Aloyzas"]
[Black "Weglarz, Leszek"]
[Result "1-0"]
[WhiteElo "2435"]
[BlackElo "2360"]

1.e4 c5 2.Nf3 d6 3.d4 cxd4 4.Nxd4 Nf6 5.Nc3 Nc6 6.Bg5 e6 7.Qd2 Be7 8.O-O-O O-O
9.Nb3 h6 10.Bf4 e5 11.Be3 a5 12.a4 Be6 13.f3 Nb4 14.Qf2 Qc8 15.Kb1 d5 16.exd5 Nfxd5
17.Nxd5 Bxd5 18.Nc5 Rd8 19.Bb5 Qf5 20.Nd3 Qe6 21.Nc5 Ba2+ 22.Kc1 Bxc5 23.Bxc5 Bc4
24.Rxd8+ Rxd8 25.Qh4 Qd5 26.Bxb4 Bxb5 27.Bc3 Bc6 28.b3 f6 29.Qe1 Ra8 30.Qe3 Be8
31.Rd1 Qc6 32.Qd3 b6 33.Kb2 Rc8 34.Be1 Bf7 35.Bf2 Kh8 36.c4 Bg8 37.Qd7 Qa8
38.Bxb6 e4 39.Qg4 Rc6 40.Qxe4 Qb7 41.Bxa5 f5 42.Qxf5 Rxc4 43.Rd7 Qxb3+ 44.Kxb3 Rc5+
45.Qf7 Bxf7+ 46.Rxf7 Rxa5 47.Kb4 Ra8 48.a5 Rb8+ 49.Kc5 Rb2 50.a6 Kh7 51.a7 Ra2
52.Kb6  1-0

[Event "POL-chT"]
[Site "Mikolajki"]
[Date "1991.??.??"]
[Round "3"]
[White "Pilarska, Czeslawa"]
[Black "Zboron, Hanna"]
[Result "1/2-1/2"]
[WhiteElo "2145"]
[BlackElo "2115"]

1.e4 c5 2.Nf3 d6 3.d4 cxd4 4.Nxd4 Nf6 5.Nc3 Nc6 6.Bg5 e6 7.Qd2 Be7 8.O-O-O O-O
9.f4 h6 10.Bxf6 Bxf6 11.Nxc6 bxc6 12.Qxd6 Qb6 13.Qd2 Rb8 14.b3 Rd8 15.Bd3 Bd4
16.Rhe1 Qa5 17.Na4 Qxa4 18.bxa4 Bb2+ 19.Kb1 Bc3+ 20.Kc1 Bb2+ 21.Kb1 Bc3+  1/2-1/2